LEADER 01223nam a2200277 u 4500 001 000000109901 003 CaOOAMICUS 005 20080219174858.0 008 080219q1915 it u000 u ita u 040 $aPUL$bita$dLDB 100 1 $aCrosa, Emilio.$0(OLS)http://pul/name/67326 245 14$a[Il principio della sovranità popolare dal Medioevo alla Rivoluzione francese] /$cCrosa E. 246 34$aSovranità popolare 260 $aTorino :$bBocca,$c[1915] 300 $aviii, 269 p. ;$c23 cm. 490 1 $aBiblioteca di scienze moderne 500 $aTitolo del frontespizio desunto da altre fonti. 504 $aBibliografia: p. [255]-259. 650 14$aSovranità.$0(OLS)http://pul/subject/18457 830 0$aBiblioteca di scienze moderne.$0(OLS)http://pul/title/412 850 $aPUL 852 $aPUL$W1$xDP1 Cons. Gen., Altre Classi 1$y22$m831 C 28$j125841$qStampati$B124569$CPULBib$Z2$F124569 $H13545 $82 941 1 $a8 996 $6245$a[Il principio della sovranità popolare dal Medioevo alla Rivoluzione francese]$9(OLS)http://pul/title/138196 996 $6246$aSovranità popolare$9(OLS)http://pul/title/138197 996 $6260$aTorino :$bBocca$9(OLS)http://pul/publisher/48036 LEADER 01564nam a2200301 u 4500 001 000000114512 003 CaOOAMICUS 005 20090209131721.0 008 090209s2008 it u001 0 ita r 020 $z978-88-498-2254-0* 040 $aPUL$bita$dLDB 100 1 $aFelice, Flavio,$d1969-$0(OLS)http://pul/name/42078 245 10$aAppunti di dottrina sociale della Chiesa :$bi cantieri aperti della pastorale sociale /$cFlavio Felice, Paolo Asolan ; prefazione di Ettore Gotti Tedeschi. 260 $aSoveria Mannelli :$bRubbettino,$cc2008. 300 $a148 p. ;$c21 cm 490 1 $aLa politica.$aMetodi, storie, teorie ;$v81 504 $aBibliografia in nota. 650 14$aDottrina sociale della Chiesa.$0(OLS)http://pul/subject/33229 700 1 $aAsolan, Paolo,$csacerdote,$d1967-$0(OLS)http://pul/name/70710 830 3$aLa politica.$pMetodi, storie, teorie ;$v81.$0(OLS)http://pul/title/75083 850 $aPUL 852 $aPUL$W1$xSL Religione 3$y85$m261. 8 FELFL 1$j130855$qDDC 21$B129922$CPULBib$Z2$F129922 $H109499 $82 852 $aPUL$W1$xDP2 Religione 3$y114$m261. 8 FELFL 1B$j199176$qDDC 21$B203828$CPULBib$Z2$F203828 $H135307 $82 941 1 $a9 960 $aDottrina sociale cristiana$933229 996 $6020$z978-88-498-2254-0*$9(OLS)http://pul/number/139651 996 $6245$aAppunti di dottrina sociale della Chiesa :$bi cantieri aperti della pastorale sociale$9(OLS)http://pul/title/143908 996 $6260$aSoveria Mannelli :$bRubbettino$9(OLS)http://pul/publisher/51639